En los márgenes de la educación : México a finales del milenio /

Uloženo v:
Podrobná bibliografie
Hlavní autor: Buenfil Burgos, Rosa Nidia (coord.)
Médium: Kniha
Jazyk:španělština
Vydáno: México : Seminario de Análisis de Discurso Educativo : Plaza y Valdés, 2002, c2000
Edice:(Cuadernos De-Construcción Conceptual en Educación ; 1)
Témata:
Tagy: Přidat tag
Žádné tagy, Buďte první, kdo vytvoří štítek k tomuto záznamu!

MARC

LEADER 00000nam^a2200000^a^4500
001 000265323
005 20250521000000.0
009 20260310110715.467
020 |a 968-856-849-X 
025 |a Donación sin dato, 1 ejemplar 
037 |a Acervo ITESO - Biblioteca 
041 |a ESP 
082 |a 370.  |b SADE CUA V. 1 
100 |a Buenfil Burgos, Rosa Nidia  |e (coord.) 
245 1 0 |a En los márgenes de la educación :  |b México a finales del milenio /  |c Coord. de R.N. Buenfil Burgos. 
264 4 |a México :  |b Seminario de Análisis de Discurso Educativo :  |b Plaza y Valdés,  |c 2002, c2000 
300 |a 254 p. 
336 |a texto  |b txt  |2 rdacontenido 
337 |a sin mediación  |b n  |2 rdamedio 
338 |a volumen  |b nc  |2 rdasoporte 
440 1 |a (Cuadernos De-Construcción Conceptual en Educación ;  |v 1) 
649 |a XX 
650 |a Investigación Educativa -  |x Tema Principal 
650 |a Modernidad y Posmodernidad -  |z México 
650 |a Modernidad y Posmodernidad 
650 |a Educación de Adultos -  |z México 
650 |a Educación de Adultos 
650 |a Política Educativa -  |z México -  |x Tema Principal 
650 |a Política Educativa 
650 |a Educación -  |z México -  |x Historia -  |y Siglo XX 
650 |a Educación -  |x Teoría 
910 |a Fondo General 
920 |a Impresos - Libros 
930 |a Colección General 
905 |a 101 
901 |a 0500148109  |b IT1  |c ACC  |i D  |u 20250521 
902 |a https://opac.biblio.iteso.mx/vufind/Record/000265323